All Pokémon with Pickup - Statistics

General Stats
  • This quiz has been taken 3 times
  • The average score is 21 of 23
Answer Stats
(Avail)ability Pokémon % Correct
Second Ability Aipom
100%
First Ability Alolan Meowth
100%
Second Ability Ambipom
100%
First Ability Bunnelby
100%
First Ability Diggersby
100%
First Ability Galarian Linoone
100%
First Ability Galarian Meowth
100%
First Ability Galarian Zigzagoon
100%
First Ability Gourgeist
100%
Second Ability Lillipup
100%
First Ability Linoone
100%
First Ability Meowth
100%
Second Ability Pachirisu
100%
First Ability Phanpy
100%
Hidden Ability Pikipek
100%
First Ability Pumpkaboo
100%
Hidden Ability Trumbeak
100%
First Ability Zigzagoon
100%
Second Ability Dedenne
67%
First Ability Munchlax
67%
First Ability Teddiursa
67%
First Ability Greavard
33%
Second Ability Tandemaus
33%
No matching quizzes found
Score Distribution
Percent of People with Each Score
Percentile by Number Answered
Your Score History
You have not taken this quiz